| 000 | 00691nam a2200253 i 4500 | ||
|---|---|---|---|
| 001 | CO-MdBIC | ||
| 003 | CO-MdBIC | ||
| 005 | 20220303163158.0 | ||
| 008 | 220301t2005 -usa|||| |||| 00| 0 spa d | ||
| 020 | _a9583018813 | ||
| 040 |
_aCO-MdBIC _bspa. _cCO-MdBIC _dCO-MdBIC |
||
| 041 | _aspa | ||
| 082 |
_222 _a 791.43 _bD612p |
||
| 100 |
_aDisney, Walt _d1901-1966 |
||
| 110 | _aDisney, | ||
| 245 |
_aBlancanieves _b/Disney |
||
| 264 |
_aBogotá,Colombia : _bPanamericana, _c© 2005 |
||
| 300 |
_a[12 paginas] ; _bIlustraciones a color : _c17 cm. |
||
| 490 | _aMis libros puzle | ||
| 505 | 8 | _a [no genera información asociada] | |
| 650 | _xPrincesas | ||
| 700 | _aDisney | ||
| 942 | _cLGB | ||
| 999 |
_c67347 _d67347 |
||